Historia de la Nación Argentina. índice temático general / Vol. XI :

Guardado en:
Otros Autores: Pérez, Joaquín, (comp.)
Formato: Libro
Idioma:Spanish
Publicado: Buenos Aires : El Ateneo, 1961.
Edición:3a. ed.
Materias:
Etiquetas: Agregar Etiqueta
Sin Etiquetas, Sea el primero en etiquetar este registro!
LEADER 00556nam a2200157 a 4500
001 DER.der015544
008 251118s1961####ag#abcogr#####001#0#spa##
005 20251118191059.0
245 0 0 |a Historia de la Nación Argentina.  |n Vol. XI :  |b índice temático general /  |c producida por Academia Nacional de la Historia. 
250 |a 3a. ed. 
260 a B |a Buenos Aires :  |b El Ateneo,  |c 1961. 
300 |a 294 p. 
700 1 |a Levene, Ricardo.,  |e dir. 
700 1 |a Pérez, Joaquín,  |e comp. 
650 7 |a HISTORIA ARGENTINA 
859 |a DERECHO  |b BIB. DERECHO  |h 982  |i ACA  |p 0010149  |v XI  |3 Vol. XI